10 Closest Capitals to Washington DC Quiz Stats

 Plays Quiz Updated Aug 16, 2018

Challenge
Share
Tweet
Embed
Score 0/10 Timer 02:00
0 Plays Today
Capital % Correct
Ottawa, Canada
95.2%
Havana, Cuba
86.1%
Kingston, Jamaica
70%
Port-au-Prince, Haiti
65.5%
Nassau, Bahamas
60.1%
Santo Domingo, Dominican Republic
50.7%
Saint John's, Antigua and Barbuda
27.9%
Belmopan, Belize
25.5%
Basseterre, Saint Kitts and Nevis
19.1%
Tegucigalpa, Honduras
17.8%

You're not logged in!

Compare scores with friends on all Sporcle quizzes.
Join for Free
OR
Log In

You Might Also Like...

Show Comments

Extras

Top Quizzes Today


Score Distribution

Your Account Isn't Verified!

In order to create a playlist on Sporcle, you need to verify the email address you used during registration. Go to your Sporcle Settings to finish the process.

Report this User

Report this user for behavior that violates our Community Guidelines.

Details: